000 00814nam a2200241Ia 4500
003 OSt
005 20221005034452.0
006 a|||||r|||| 00| 0
007 ta
008 221004b |||||||| |||| 00| 0 mar d
020 _a9788182234031 (hbk)
_c150
024 _a27958
037 _b5543/5, 18/03/2009, Modern Publishing House
_cTextual
040 _aCRL
_cCRL
_bmar
041 _2mar
_amar
082 _aO155,1:g(Delta73), 168P8
100 _aAbdulla Imtiyaz Ahmed
_9179823
245 0 _aMarathi adab mein sfiyana shairi
260 _aDelhi
_bEducational Publishing House India
_c2008
650 _aMARATHI LITERATURE
_938000
942 _hO155,1:g(Delta73), 168P8
_cTEXL
_2cc
999 _c943417
_d943417